000 00237nam a2200109Ia 4500
008 190216s9999||||xx |||||||||||||| ||und||
100 _aTandom B N
245 0 _aGuide To Company Law
260 _bNull
_c1979
300 _a360p
942 _cBK
999 _c5349
_d5349